Datum a čas kvízu
32.5
Celkem bodů
Celkový počet nahraných bodů na tomto kvízu bez doplňovacích otázek.
8.
Pořadí na kvízu
Konečné umístění týmu na tomto kvízu.
Zaznamenané odpovědi
| # | Otázka | Odpověď | Body | Výsledky |
|---|---|---|---|---|
| 1. | Opravdu kuriózní střet se odeh... | 1 | ||
| 2. | Spor mezi Makedonií a Řeckem o... | 1 | ||
| 3. | O tom, že v Praze vystoupí leg... | 0.5 | ||
| 4. | Minulý týden proběhl v německé... | 0 | ||
| 5. | Čeští biatlonisté poprvé stříl... | 1 | ||
| 6. | My Češi jsme specialisté na př... | 1 | ||
| 7. | Jakou vžitou přezdívku mělo vo... | 1 | ||
| 8. | Jakou ptačí přezdívku dostal v... | 1 | ||
| 9. | Aby se v 90. letech v inzeráte... | 0 | ||
| 10. | Sovětský automobil vyšší střed... | 1 |